[Event "Robinson Cup U14"]
[Site "Hull"]
[Date "2024.07.24"]
[Round "4.3"]
[White "Enoch, Kristan"]
[Black "Ganguly, Aryaman"]
[Result "0-1"]
[WhiteElo "1615"]
[BlackElo "1706"]
[PlyCount "120"]
[EventDate "2024.07.23"]
[EventType "team-tourn"]
[EventRounds "5"]
[EventCountry "ENG"]
[SourceTitle "CBM 221 Extra"]
[Source "ChessBase"]
[SourceDate "2024.09.30"]
[SourceVersion "1"]
[SourceVersionDate "2024.09.30"]
[SourceQuality "1"]
[WhiteTeam "Wales"]
[BlackTeam "International"]
[WhiteTeamCountry "WLS"]

1. e4 d5 2. exd5 Qxd5 3. d4 c6 4. Nc3 Qa5 5. Nf3 Nf6 6. Bd2 Bf5 7. Bc4 Qc7 8. a3 e6 9. b4 a6 10. h3 Nbd7 11. Be3 Nb6 12. Bd3 Bxd3 13. Qxd3 Nfd5 14. Nxd5 cxd5 15. Bd2 Bd6 16. 0-0 Nc4 17. a4 Rc8 18. Rac1 0-0 19. c3 Qc6 20. a5 Qc7 21. Rfe1 h6 22. Be3 Bf4 23. Bxf4 Qxf4 24. g3 Qc7 25. Ne5 Nxe5 26. Rxe5 Qc4 27. Qxc4 Rxc4 28. Re2 Rfc8 29. Rec2 f6 30. Kf1 e5 31. dxe5 fxe5 32. Ke2 d4 33. Kd3 dxc3 34. Rxc3 e4+ 35. Kd2 Rd8+ 36. Ke3 Rxb4 37. Rc4 Rb5 38. Rxe4 Rxa5 39. Rc7 Ra3+ 40. Ke2 Ra2+ 41. Ke3 Rdd2 42. Rxb7 Re2+ 43. Kf4 Rxe4+ 44. Kxe4 Rxf2 45. Ra7 Ra2 46. Kf5 Kh7 47. h4 a5 48. h5 Ra3 49. Kg4 Ra1 50. Kh3 a4 51. Kg2 Kg8 52. Ra8+ Kf7 53. Ra7+ Kf6 54. g4 a3 55. Ra6+ Kg5 56. Ra4 Kh4 57. Kh2 Ra2+ 58. Kg1 Kg3 59. Kf1 Ra1+ 60. Ke2 a2 0-1

[Event "Robinson Cup U14"]
[Site "Hull"]
[Date "2024.07.24"]
[Round "3.3"]
[White "Karthick, Alagu Naachiappan"]
[Black "Enoch, Kristan"]
[Result "1-0"]
[WhiteElo "1706"]
[BlackElo "1615"]
[PlyCount "106"]
[EventDate "2024.07.23"]
[EventType "team-tourn"]
[EventRounds "5"]
[EventCountry "ENG"]
[SourceTitle "CBM 221 Extra"]
[Source "ChessBase"]
[SourceDate "2024.09.30"]
[SourceVersion "1"]
[SourceVersionDate "2024.09.30"]
[SourceQuality "1"]
[WhiteTeam "Scotland"]
[BlackTeam "Wales"]
[WhiteTeamCountry "SCO"]
[BlackTeamCountry "WLS"]

1. e4 e6 2. d4 d5 3. Nc3 Nf6 4. Bg5 Be7 5. e5 Nfd7 6. Bxe7 Qxe7 7. Nf3 a6 8. Qd2 c5 9. 0-0-0 Nc6 10. Qf4 cxd4 11. Ne2 b5 12. Nexd4 Nxd4 13. Rxd4 0-0 14. Qg3 Bb7 15. Rg4 f5 16. Rg5 Rfc8 17. h4 Bc6 18. h5 Nf8 19. Nh4 Be8 20. h6 g6 21. Qf4 Rc7 22. Bd3 Kh8 23. g4 Rac8 24. Rg1 Qf7 25. Kb1 fxg4 26. Qxg4 Qxf2 27. a3 Rxc2 28. Bxc2 Rxc2 29. Qb4 Rc4 30. Qe7 Qf7 31. Qxf7 Bxf7 32. R5g4 Rc6 33. Rf1 Kg8 34. Rgf4 Rc7 35. Nf3 Nd7 36. Ng5 Nxe5 37. Nxe6 Re7 38. Ng5 Rd7 39. Rc1 Rd8 40. Rc7 Rf8 41. Ra7 a5 42. Rc7 d4 43. Kc2 d3+ 44. Kd2 Nc4+ 45. Kxd3 Ne5+ 46. Kd4 Nc4 47. Rfxf7 Rxf7 48. Rxf7 Nxb2 49. Rxh7 Nc4 50. a4 Nd6 51. axb5 Nxb5+ 52. Kc5 Nc3 53. Ra7 Ne4+ 1-0

[Event "Cardiff Welsh op"]
[Site "Cardiff"]
[Date "2023.04.08"]
[Round "2"]
[White "Sharhorodsky, Yaroslav"]
[Black "Enoch, Kristan"]
[Result "0-1"]
[WhiteElo "1476"]
[BlackElo "1111"]
[PlyCount "87"]
[EventDate "2023.04.07"]
[EventType "swiss"]
[EventRounds "7"]
[EventCountry "WLS"]
[SourceTitle "EXT 2024"]
[Source "ChessBase"]
[SourceDate "2023.10.10"]
[SourceVersion "1"]
[SourceVersionDate "2023.10.10"]
[SourceQuality "1"]

1. e4 e6 2. Nf3 d5 3. e5 c5 4. d4 Nc6 5. c3 Qb6 6. Be2 Nge7 7. dxc5 Qxc5 8. Be3 Qa5 9. b4 Qc7 10. Bd4 Ng6 11. Bb5 Bd7 12. Bxc6 Bxc6 13. a4 b5 14. a5 a6 15. Nbd2 Be7 16. 0-0 0-0 17. Qe2 Bb7 18. g3 Rae8 19. h4 f6 20. h5 Nxe5 21. Nxe5 fxe5 22. Bxe5 Qc8 23. h6 g6 24. Bg7 Rf7 25. Qe5 Qd8 26. Rae1 Bf6 27. Bxf6 Qxf6 28. Qxf6 Rxf6 29. f4 Rf7 30. Nb3 Rc7 31. Nc5 Bc8 32. Re5 Kf7 33. Kf2 Kf6 34. Ke3 Rc6 35. Kd4 Re7 36. Rfe1 Rec7 37. g4 Rf7 38. Rxd5 exd5 39. Kxd5 Rfc7 40. Ne4+ Ke7 41. Nd6+ Kd7 42. Ne8 Rb7 43. g5 Rxc3 44. Nf6+ 0-1